000 02007nam0a2200337 i 4500
001 RU\NLR\BIBL_A\011103733
005 20260406065227.0
010 _a9785751321826
_9200
021 _aRU
_b2016-24297
_91545
035 _a(NILC)RuMoRGB-008260966
035 _a(NLR Aleph) 011103733
090 _a11434657
_c11434657
100 _a20160418d2015 um y0rusy50 ca
101 0 _arus
102 _aRU
105 _ay|||j|||000yy
200 1 _aВоспитание - основной компонент в системе современного образования
_eучебное пособие
_eдля студентов направления подготовки бакалавров 44.03.01 "Педагогическое образование" вузов региона
_e[для студентов и магистрантов, обучающихся по специальности 05.07.06 "Педагогика и психология"]
_fД. А. Данилов, А. Г. Корнилова
_gМ-во образования и науки Российской Федерации, Северо-Восточный федеральный ун-т им. М. К. Аммосова, Пед. ин-т
210 _aЯкутск
_cСВФУ
_d2015
215 _a147 с.
_d20
320 _aБиблиогр.: с. 140-144 (66 назв.)
606 1 _aОбразовательные учреждения
_jУчебные издания для высших учебных заведений
_xВоспитательная работа
_92431641
_3RU\NLR\AUTH\661447291
610 0 _aвоспитание
675 _a37.0
686 1 _aЧ313я73
700 1 _7ca
_8rus
_aДанилов
_bД. А.
_cд-р пед. наук
_f1935-2020
_gДмитрий Алексеевич
_9124465
_3RU\NLR\AUTH\7714801
701 1 _aКорнилова
_bА. Г.
_gАлла Георгиевна
801 0 _aRU
_bРГБ
_c20160329
_gRCR
942 _cBOOK
980 _aNBR